<?xml version="1.0" encoding="UTF-8"?>
<collection xmlns="http://www.loc.gov/MARC21/slim">
<record>
  <controlfield tag="001">170911</controlfield>
  <controlfield tag="005">20260429150233.0</controlfield>
  <datafield tag="037" ind1=" " ind2=" ">
    <subfield code="a">TAZ-TFG-2020-637</subfield>
  </datafield>
  <datafield tag="041" ind1=" " ind2=" ">
    <subfield code="a">spa</subfield>
  </datafield>
  <datafield tag="100" ind1="1" ind2=" ">
    <subfield code="a">Filip, Giulia Alexandra</subfield>
  </datafield>
  <datafield tag="242" ind1="0" ind2="0">
    <subfield code="a">Assessment of nutritional status in non-institutionalized elderly.</subfield>
  </datafield>
  <datafield tag="245" ind1="0" ind2="0">
    <subfield code="a">Evaluación del estado nutricional en ancianos no institucionalizados</subfield>
  </datafield>
  <datafield tag="260" ind1=" " ind2=" ">
    <subfield code="a">Zaragoza</subfield>
    <subfield code="b">Universidad de Zaragoza</subfield>
    <subfield code="c">2020</subfield>
  </datafield>
  <datafield tag="506" ind1=" " ind2=" ">
    <subfield code="a">by-nc-sa</subfield>
    <subfield code="b">Creative Commons</subfield>
    <subfield code="c">3.0</subfield>
    <subfield code="u">http://creativecommons.org/licenses/by-nc-sa/3.0/</subfield>
  </datafield>
  <datafield tag="520" ind1=" " ind2=" ">
    <subfield code="a">INTRODUCCION: La malnutrición afecta gravemente el estado de salud de nuestros mayores pudiendo llegar a la muerte. La incidencia de malnutrición a nivel mundial oscila entre el 2 y el 51%. Abarca 3 grupos: la desnutrición, el déficit de micronutrientes y la obesidad. En enero de 2018 se registraron un 19,8% de personas mayores sobre el total de la población Española. Aragón está entre las comunidades autónomas mas envejecidas.&lt;br />Objetivo: Estudiar el estado nutricional de la población mayor de 65 años no institucionalizada con los pacientes  del Centro de día de la cruz roja de Teruel  comparándola con los que acuden al Centro de Salud del Ensanche de Teruel seleccionados de manera aleatoria.&lt;br />Material y método: Estudio transversal descriptivo sobre la estimación de la prevalencia de malnutrición detectando los posibles factores relacionados con ello en mayores de 65 años comparando 45 sujetos del Centro de Salud de Teruel, Ensanche con 29 que acudían al Centro de Día de la Cruz Roja de Teruel utilizando la MNA y la escala Barthel, junto con la recogida de algunas otras medidas antropométricas.&lt;br />Conclusión: El riesgo de malnutrición se asocia a la edad, y también a la soledad. Personas mayores que acuden a algún centro social sin estar institucionalizados, polimedicados, con demencia moderada y mayores de 84 años tienen más probabilidad de tener  riesgo de malnutrición&lt;br />&lt;br /></subfield>
  </datafield>
  <datafield tag="521" ind1=" " ind2=" ">
    <subfield code="a">Graduado en Enfermería</subfield>
  </datafield>
  <datafield tag="540" ind1=" " ind2=" ">
    <subfield code="a">Derechos regulados por licencia Creative Commons</subfield>
  </datafield>
  <datafield tag="700" ind1=" " ind2=" ">
    <subfield code="a">Santiago Valdearcos</subfield>
    <subfield code="e">dir.</subfield>
  </datafield>
  <datafield tag="710" ind1="2" ind2=" ">
    <subfield code="a">Universidad de Zaragoza</subfield>
    <subfield code="b">Fisiatría y Enfermería</subfield>
    <subfield code="c">Enfermería</subfield>
  </datafield>
  <datafield tag="856" ind1="0" ind2=" ">
    <subfield code="f">737373@unizar.es</subfield>
  </datafield>
  <datafield tag="856" ind1="4" ind2=" ">
    <subfield code="s">1431264</subfield>
    <subfield code="u">http://zaguan.unizar.es/record/170911/files/TAZ-TFG-2020-637.pdf</subfield>
    <subfield code="y">Memoria (spa)</subfield>
  </datafield>
  <datafield tag="909" ind1="C" ind2="O">
    <subfield code="o">oai:zaguan.unizar.es:170911</subfield>
    <subfield code="p">driver</subfield>
    <subfield code="p">trabajos-fin-grado</subfield>
  </datafield>
  <datafield tag="950" ind1=" " ind2=" ">
    <subfield code="a"></subfield>
  </datafield>
  <datafield tag="980" ind1=" " ind2=" ">
    <subfield code="a">TAZ</subfield>
    <subfield code="b">TFG</subfield>
    <subfield code="c">ENFTER</subfield>
  </datafield>
  <datafield tag="999" ind1=" " ind2=" ">
    <subfield code="a">20200520205546.CREATION_DATE</subfield>
  </datafield>
  <datafield tag="951" ind1=" " ind2=" ">
    <subfield code="a">deposita:2026-04-29</subfield>
  </datafield>
</record>
</collection>